[Event "Osijek op 10th"]
[Site "Osijek"]
[Date "2017.02.25"]
[Round "5"]
[White "Klem, Davor"]
[Black "Roklicer, Heike"]
[Result "1/2-1/2"]
[WhiteElo "2058"]
[BlackElo "1992"]
[PlyCount "53"]
[EventDate "2017.02.23"]
[EventType "swiss"]
[EventRounds "7"]
[EventCountry "CRO"]
[SourceTitle "EXT 2019"]
[Source "ChessBase"]
[SourceDate "2018.10.10"]
[SourceVersion "1"]
[SourceVersionDate "2018.10.10"]
[SourceQuality "1"]

1. Nc3 d5 2. d4 c6 3. f3 e6 4. e4 Bb4 5. Nh3 dxe4 6. Bg5 Qa5 7. Bd2 e3 8. Bxe3 Bxc3+ 9. bxc3 Qxc3+ 10. Kf2 Nf6 11. Nf4 b6 12. Bd3 Ba6 13. Ne2 Qa3 14. c4 Nbd7 15. Bc1 Qe7 16. Qa4 Bb7 17. Ba3 Qd8 18. Rhe1 Qc7 19. Kg1 c5 20. d5 0-0 21. dxe6 fxe6 22. Nc3 Qd6 23. Qc2 Qd4+ 24. Kh1 Ne5 25. Rad1 Nxd3 26. Qxd3 Qxd3 27. Rxd3 1/2-1/2

[Event "Osijek op 10th"]
[Site "Osijek"]
[Date "2017.02.25"]
[Round "6"]
[White "Radikovic, Anamarija"]
[Black "Klem, Davor"]
[Result "1/2-1/2"]
[WhiteElo "1849"]
[BlackElo "2058"]
[PlyCount "85"]
[EventDate "2017.02.23"]
[EventType "swiss"]
[EventRounds "7"]
[EventCountry "CRO"]
[SourceTitle "EXT 2019"]
[Source "ChessBase"]
[SourceDate "2018.10.10"]
[SourceVersion "1"]
[SourceVersionDate "2018.10.10"]
[SourceQuality "1"]

1. e4 Nc6 2. d4 e5 3. Nf3 exd4 4. Nxd4 g6 5. Bc4 Bg7 6. Nxc6 bxc6 7. Nc3 d6 8. Qf3 Qf6 9. Qd3 Ne7 10. Be3 Be6 11. Bb3 0-0 12. 0-0 d5 13. Rad1 Rfd8 14. Qd2 h6 15. Bxh6 Bxh6 16. Qxh6 d4 17. Ne2 c5 18. Bxe6 Qxe6 19. Rd3 Qf6 20. b3 Nc6 21. a3 a5 22. Rf3 Qg7 23. Qg5 Qe5 24. Rf5 Qxe4 25. Ng3 Qe7 26. Qxe7 Nxe7 27. Rxc5 d3 28. cxd3 Rxd3 29. Rxc7 Nd5 30. Rb7 a4 31. bxa4 Rxa4 32. h3 Rdxa3 33. Rd1 Ra1 34. Rxa1 Rxa1+ 35. Kh2 Ra2 36. Rd7 Nf4 37. Ne4 Re2 38. Rd4 Ne6 39. Ra4 f5 40. Ra8+ Kg7 41. Ra7+ Kf8 42. Ra8+ Ke7 43. Ra7+ 1/2-1/2

[Event "Osijek op 10th"]
[Site "Osijek"]
[Date "2017.02.24"]
[Round "3"]
[White "Klem, Davor"]
[Black "Bender, Ivan"]
[Result "0-1"]
[WhiteElo "2058"]
[BlackElo "2240"]
[PlyCount "140"]
[EventDate "2017.02.23"]
[EventType "swiss"]
[EventRounds "7"]
[EventCountry "CRO"]
[SourceTitle "EXT 2019"]
[Source "ChessBase"]
[SourceDate "2018.10.10"]
[SourceVersion "1"]
[SourceVersionDate "2018.10.10"]
[SourceQuality "1"]

1. e4 d5 2. Nc3 d4 3. Nb1 Nf6 4. e5 Nd5 5. Bc4 Nc6 6. Nf3 Na5 7. Bb5+ c6 8. Be2 c5 9. d3 Nc6 10. c4 Nc7 11. 0-0 Ne6 12. Re1 g6 13. Ng5 Nxe5 14. Nxe6 Bxe6 15. Bf4 Bg7 16. Bxe5 Bxe5 17. Bf3 Qc7 18. g3 0-0 19. Nd2 Rab8 20. Ne4 Bd7 21. Qe2 Bg7 22. h4 h6 23. a3 e5 24. b4 b6 25. Rab1 Be6 26. Nd2 f5 27. b5 h5 28. Bc6 Bd7 29. Bd5+ Kh8 30. Nf3 Rbe8 31. Ng5 Bc8 32. Qf3 Bf6 33. Rb2 Bxg5 34. hxg5 Re7 35. Rbe2 Bd7 36. Qg2 Qd6 37. f4 Rfe8 38. Qf3 exf4 39. Rxe7 Rxe7 40. Rxe7 Qxe7 41. Qxf4 Be8 42. Qb8 Kg7 43. Kh2 Bf7 44. Bxf7 Kxf7 45. Kh3 Kg7 46. Kh4 Kf7 47. a4 Kg7 48. Qa8 f4 49. gxf4 Qe1+ 50. Kh3 Qf1+ 51. Kh2 Qxf4+ 52. Kh3 Qg4+ 53. Kh2 Qh4+ 54. Kg2 Qxg5+ 55. Kh2 Qe7 56. Qb8 g5 57. Kg2 Qe2+ 58. Kg1 Qg4+ 59. Kh1 Qh3+ 60. Kg1 Qe3+ 61. Kg2 Qe7 62. Kh1 h4 63. Qc8 Kg6 64. Qc6+ Qf6 65. Qe8+ Qf7 66. Qc8 Kh5 67. Qh8+ Kg4 68. Qc8+ Kg3 69. Qb8+ Qf4 70. Qxa7 Qf1# 0-1

[Event "Osijek op 10th"]
[Site "Osijek"]
[Date "2017.02.23"]
[Round "1"]
[White "Klem, Davor"]
[Black "Pralija, Marin"]
[Result "1-0"]
[WhiteElo "2058"]
[BlackElo "1724"]
[PlyCount "45"]
[EventDate "2017.02.23"]
[EventType "swiss"]
[EventRounds "7"]
[EventCountry "CRO"]
[SourceTitle "EXT 2019"]
[Source "ChessBase"]
[SourceDate "2018.10.10"]
[SourceVersion "1"]
[SourceVersionDate "2018.10.10"]
[SourceQuality "1"]

1. e4 c5 2. d4 cxd4 3. c3 dxc3 4. Nxc3 Nc6 5. Nf3 a6 6. Bc4 e6 7. 0-0 b5 8. Bb3 d6 9. Bf4 Nf6 10. Qe2 Bb7 11. Rad1 Na5 12. Bc2 Be7 13. e5 Nd5 14. Nxd5 Bxd5 15. Rxd5 exd5 16. exd6 Nc6 17. dxe7 Qc8 18. Rc1 Qd7 19. Re1 Ra7 20. Ne5 Nxe5 21. Qxe5 f6 22. Qb8+ Kf7 23. Qxh8 1-0

[Event "Osijek op 10th"]
[Site "Osijek"]
[Date "2017.02.23"]
[Round "2"]
[White "Lovakovic, Franjo"]
[Black "Klem, Davor"]
[Result "0-1"]
[WhiteElo "1877"]
[BlackElo "2058"]
[PlyCount "36"]
[EventDate "2017.02.23"]
[EventType "swiss"]
[EventRounds "7"]
[EventCountry "CRO"]
[SourceTitle "EXT 2019"]
[Source "ChessBase"]
[SourceDate "2018.10.10"]
[SourceVersion "1"]
[SourceVersionDate "2018.10.10"]
[SourceQuality "1"]

1. e4 Nc6 2. d4 e5 3. d5 Nce7 4. Bd3 Ng6 5. Ne2 Bc5 6. c4 Qh4 7. Ng3 Nf6 8. Nd2 Ng4 9. Nf3 Bxf2+ 10. Ke2 Qf6 11. Nh5 Qb6 12. Nxg7+ Kf8 13. Nf5 Nf4+ 14. Bxf4 exf4 15. Qd2 d6 16. Qxf4 Bxf5 17. Qxf5 Qe3+ 18. Kd1 Qxd3+ 0-1

[Event "Pula op 30th"]
[Site "Pula"]
[Date "2016.09.15"]
[Round "7"]
[White "Murko, David"]
[Black "Klem, Davor"]
[Result "1-0"]
[WhiteElo "2103"]
[BlackElo "2048"]
[PlyCount "109"]
[EventDate "2016.09.10"]
[EventType "swiss"]
[EventRounds "9"]
[EventCountry "CRO"]
[SourceTitle "CBM 174 Extra"]
[Source "ChessBase"]
[SourceDate "2016.10.10"]
[SourceVersion "1"]
[SourceVersionDate "2016.10.10"]
[SourceQuality "1"]

1. e4 g6 2. d4 Bg7 3. Nf3 d6 4. Nc3 Nf6 5. h3 0-0 6. Bc4 Nxe4 7. Nxe4 d5 8. Bd3 dxe4 9. Bxe4 c5 10. dxc5 Qa5+ 11. c3 Qxc5 12. Be3 Qb5 13. Qe2 Qa4 14. Bc2 Qa5 15. 0-0 Nc6 16. Rfd1 e5 17. Bb3 Bf5 18. g4 Bc8 19. Ng5 Qc7 20. Bc5 Na5 21. Bxf8 Nxb3 22. Bxg7 Nxa1 23. Qxe5 Qxe5 24. Bxe5 Be6 25. Nxe6 fxe6 26. Rxa1 Rd8 27. Bf4 Kf7 28. Kf1 Rd3 29. Be3 a6 30. Ke2 Rd5 31. Rd1 Rb5 32. b3 h5 33. f4 e5 34. c4 Ra5 35. a4 exf4 36. Bxf4 hxg4 37. hxg4 g5 38. Bg3 Ke6 39. Rd5 Rxd5 40. cxd5+ Kxd5 41. Kd3 b5 42. axb5 axb5 43. b4 Kc6 44. Kd4 Kb6 45. Kd5 Ka7 46. Kc6 Ka6 47. Be5 Ka7 48. Kxb5 Kb7 49. Bg3 Ka7 50. Kc6 Ka8 51. b5 Ka7 52. b6+ Ka8 53. b7+ Ka7 54. b8Q+ Ka6 55. Qb6# 1-0

[Event "Krapina op 6th"]
[Site "Krapina"]
[Date "2016.01.24"]
[Round "6"]
[White "Klem, Davor"]
[Black "Mlinaric, Andrija"]
[Result "1-0"]
[WhiteElo "2034"]
[BlackElo "1868"]
[PlyCount "61"]
[EventDate "2016.01.21"]
[EventType "swiss"]
[EventRounds "7"]
[EventCountry "CRO"]
[SourceTitle "CBM 170 Extra"]
[Source "ChessBase"]
[SourceDate "2016.02.25"]
[SourceVersion "1"]
[SourceVersionDate "2016.02.25"]
[SourceQuality "1"]

1. e4 g6 2. d4 Bg7 3. c3 d6 4. Nf3 Nf6 5. Bd3 0-0 6. 0-0 Bg4 7. Nbd2 a5 8. a4 Nbd7 9. h3 Bxf3 10. Nxf3 c5 11. e5 Ne8 12. Re1 cxd4 13. cxd4 dxe5 14. dxe5 e6 15. Bg5 Qb6 16. Be7 Nc5 17. Bb5 Nc7 18. Qd6 Qxd6 19. Bxd6 Nxb5 20. Bxf8 Bxf8 21. axb5 b6 22. Red1 a4 23. Nd2 Ra5 24. b4 axb3 25. Rxa5 bxa5 26. Nc4 a4 27. b6 Kg7 28. Ra1 f6 29. Rxa4 fxe5 30. b7 Bd6 31. Nxd6 1-0

[Event "Zagreb op"]
[Site "Zagreb"]
[Date "2014.03.17"]
[Round "1"]
[White "Brkic, Ante"]
[Black "Klem, Davor"]
[Result "1/2-1/2"]
[WhiteElo "2563"]
[BlackElo "2043"]
[PlyCount "160"]
[EventDate "2014.03.17"]
[EventType "swiss"]
[EventRounds "9"]
[EventCountry "CRO"]
[SourceTitle "CBM 159 Extra"]
[Source "ChessBase"]
[SourceDate "2014.04.24"]
[SourceVersion "1"]
[SourceVersionDate "2014.04.24"]
[SourceQuality "1"]

1. e4 g6 2. d4 Bg7 3. Nc3 d5 4. Nxd5 c6 5. Nf4 Qxd4 6. Bd3 Nd7 7. Nf3 Qd6 8. 0-0 Ne5 9. h3 Bd7 10. Be3 Nf6 11. Nxe5 Qxe5 12. Ne2 0-0 13. Bd4 Qc7 14. f4 c5 15. Be5 Qc8 16. Nc3 c4 17. Be2 Bc6 18. Bf3 Rd8 19. Qe2 b5 20. Rad1 Qb7 21. Rxd8+ Rxd8 22. Rd1 Qb6+ 23. Kf1 e6 24. Bxf6 Bxf6 25. e5 Rxd1+ 26. Nxd1 Be7 27. c3 Bc5 28. Nf2 Bxf2 29. Qxf2 Bxf3 30. Qxf3 a5 31. Qe4 Kg7 32. a3 Qc5 33. g4 b4 34. axb4 axb4 35. f5 gxf5 36. gxf5 exf5 37. Qxf5 bxc3 38. bxc3 Qc6 39. Kf2 Qb6+ 40. Kf3 Qc6+ 41. Kf4 Qd5 42. Qf6+ Kg8 43. Qd6 Qh1 44. Qd8+ Kg7 45. Qf6+ Kg8 46. Qg5+ Kf8 47. Qd8+ Kg7 48. Qf6+ Kg8 49. e6 Qh2+ 50. Ke4 Qe2+ 51. Kd5 Qd3+ 52. Kc5 Qe3+ 53. Kd6 Qb6+ 54. Kd5 Qb7+ 55. Kxc4 Qc6+ 56. Kd4 Qd6+ 57. Ke3 fxe6 58. Qg5+ Kh8 59. Qf6+ Kg8 60. Qg5+ Kh8 61. Qf4 e5 62. Qf7 h6 63. h4 Qc5+ 64. Kd2 Qd6+ 65. Kc2 Qc5 66. Qf6+ Kh7 67. Qf7+ Kh8 68. Qf6+ Kh7 69. h5 Qe3 70. Qf7+ Kh8 71. Qf8+ Kh7 72. Qf7+ Kh8 73. Qf6+ Kg8 74. Qg6+ Kf8 75. Qf6+ Ke8 76. Kb3 e4 77. Qe6+ Kd8 78. Qd6+ Ke8 79. Qe6+ Kd8 80. Qd6+ Ke8 1/2-1/2

[Event "Velika Gorica op 11th"]
[Site "Velika Gorica"]
[Date "2013.08.26"]
[Round "6"]
[White "Fercec, Nenad"]
[Black "Klem, Davor"]
[Result "1-0"]
[WhiteElo "2484"]
[BlackElo "2052"]
[PlyCount "87"]
[EventDate "2013.08.19"]
[EventType "swiss"]
[EventRounds "9"]
[EventCountry "CRO"]
[SourceTitle "CBM 156 Extra"]
[Source "ChessBase"]
[SourceDate "2013.10.22"]
[SourceVersion "1"]
[SourceVersionDate "2013.10.22"]
[SourceQuality "1"]

1. e4 Nc6 2. d4 e5 3. d5 Nb8 4. Be3 Nf6 5. Bd3 d6 6. f3 Be7 7. Ne2 Nh5 8. Qd2 h6 9. c4 Nd7 10. Nbc3 Bg5 11. g3 Nc5 12. Bc2 a5 13. 0-0-0 Bd7 14. f4 Be7 15. Kb1 b6 16. h3 Qc8 17. fxe5 dxe5 18. g4 Nf6 19. Ng3 Qa6 20. Qe2 0-0-0 21. Rhf1 h5 22. Nf5 Bxf5 23. Rxf5 hxg4 24. hxg4 g6 25. Rf2 Rh7 26. Rdf1 Ncd7 27. Ba4 Kb8 28. Bb5 Qc8 29. c5 Nxc5 30. Bxc5 bxc5 31. Rxf6 Bxf6 32. Bc6 Ka7 33. Rxf6 Qa6 34. Nb5+ Kb8 35. a4 Rd6 36. Rf2 Rd8 37. Qc4 Qb6 38. Ka2 Rdh8 39. g5 Rf8 40. Rf6 Rd8 41. d6 cxd6 42. Qd5 Rh2 43. Rxf7 Rxb2+ 44. Kxb2 1-0

[Event "Velika Gorica op 11th"]
[Site "Velika Gorica"]
[Date "2013.08.22"]
[Round "4"]
[White "Dutina, Dario"]
[Black "Klem, Davor"]
[Result "0-1"]
[WhiteElo "2294"]
[BlackElo "2052"]
[PlyCount "114"]
[EventDate "2013.08.19"]
[EventType "swiss"]
[EventRounds "9"]
[EventCountry "CRO"]
[SourceTitle "CBM 156 Extra"]
[Source "ChessBase"]
[SourceDate "2013.10.22"]
[SourceVersion "1"]
[SourceVersionDate "2013.10.22"]
[SourceQuality "1"]

1. e4 d6 2. f4 e5 3. Nf3 Nc6 4. d4 exd4 5. Nxd4 Nxd4 6. Qxd4 Nf6 7. Nc3 Be7 8. Be2 0-0 9. Be3 Be6 10. Bf3 c6 11. 0-0 Qa5 12. Rad1 Rfd8 13. f5 d5 14. e5 Bxf5 15. exf6 Bxf6 16. Qd2 d4 17. Nd5 Rxd5 18. Bxd5 Qxd5 19. Bg5 Bxc2 20. Qxc2 Qxg5 21. Rf3 Re8 22. Qd2 Qxd2 23. Rxd2 Be5 24. Kf1 f6 25. Rc2 Rd8 26. g3 Rd7 27. Ke2 Rc7 28. b4 b6 29. Kd3 Kf7 30. a4 Ke6 31. b5 c5 32. Kc4 Rd7 33. Ra2 h5 34. a5 g5 35. axb6 axb6 36. Ra8 g4 37. Rf2 d3 38. Re8+ Kf7 39. Rxe5 d2 40. Rf1 d1Q 41. Rxd1 Rxd1 42. Rxh5 Rd4+ 43. Kc3 Rb4 44. Rh4 f5 45. Rh6 Rxb5 46. Kc4 Rb4+ 47. Kd5 c4 48. Rc6 b5 49. Ke5 Rb2 50. Kxf5 Rxh2 51. Kxg4 Rg2 52. Rb6 Rb2 53. Kf5 c3 54. Rb7+ Ke8 55. Rc7 b4 56. g4 Rf2+ 57. Ke4 c2 0-1

[Event "Velika Gorica op 11th"]
[Site "Velika Gorica"]
[Date "2013.08.21"]
[Round "3"]
[White "Klem, Davor"]
[Black "Lasic, Luka"]
[Result "1-0"]
[WhiteElo "2052"]
[BlackElo "2271"]
[PlyCount "63"]
[EventDate "2013.08.19"]
[EventType "swiss"]
[EventRounds "9"]
[EventCountry "CRO"]
[SourceTitle "CBM 156 Extra"]
[Source "ChessBase"]
[SourceDate "2013.10.22"]
[SourceVersion "1"]
[SourceVersionDate "2013.10.22"]
[SourceQuality "1"]

1. e4 d6 2. d4 Nf6 3. Nc3 Nbd7 4. Nf3 e5 5. Bc4 Be7 6. 0-0 0-0 7. h3 c6 8. a4 a5 9. Be3 Qc7 10. Ba2 h6 11. Re1 Re8 12. Kh1 Nf8 13. g4 Be6 14. d5 Bd7 15. g5 hxg5 16. Nxg5 c5 17. Qf3 Ng6 18. Rg1 Rf8 19. Ne6 fxe6 20. Rxg6 Be8 21. Qg2 Bxg6 22. Qxg6 Ne8 23. Rg1 Rf6 24. Qg4 Qb6 25. Bb3 Qd8 26. dxe6 Rc8 27. Bc4 Kf8 28. Nd5 Rc6 29. Bg5 Rxe6 30. Qxe6 Bxg5 31. Ne7 d5 32. Ng6# 1-0

[Event "Sarajevo Bosna op-B 43rd"]
[Site "Sarajevo"]
[Date "2013.06.04"]
[Round "5"]
[White "Klem, Davor"]
[Black "Becirbasic, Atif"]
[Result "1-0"]
[WhiteElo "2088"]
[BlackElo "1875"]
[PlyCount "75"]
[EventDate "2013.06.01"]
[EventType "swiss"]
[EventRounds "9"]
[EventCountry "BIH"]
[SourceTitle "CBM 154 Extra"]
[Source "ChessBase"]
[SourceDate "2013.06.25"]
[SourceVersion "2"]
[SourceVersionDate "2013.06.25"]
[SourceQuality "1"]

1. e4 d6 2. Nc3 c5 3. Nf3 Nf6 4. e5 dxe5 5. Nxe5 Nbd7 6. d4 Nxe5 7. dxe5 Qxd1+ 8. Nxd1 Nd5 9. Ne3 Nxe3 10. Bxe3 e6 11. Bd3 Bd7 12. Be4 Rb8 13. 0-0-0 Be7 14. Rd2 Bb5 15. Rhd1 0-0 16. c4 Bxc4 17. Rd7 Rfe8 18. b3 Ba6 19. Rc7 Bd8 20. Rxc5 Bb6 21. Rc2 Bxe3+ 22. fxe3 Red8 23. Rxd8+ Rxd8 24. Rc7 g6 25. a4 Kf8 26. b4 Be2 27. Rxb7 a6 28. b5 axb5 29. axb5 Rc8+ 30. Kd2 Bc4 31. b6 Rd8+ 32. Kc3 Bd5 33. Bxd5 Rxd5 34. Rc7 Rb5 35. b7 Kg7 36. Kc4 Rb1 37. Kc5 Rc1+ 38. Kb6 1-0

[Event "Sarajevo Bosna op-B 43rd"]
[Site "Sarajevo"]
[Date "2013.06.01"]
[Round "1"]
[White "Klem, Davor"]
[Black "Avdic, Amna"]
[Result "1-0"]
[WhiteElo "2088"]
[BlackElo "1641"]
[PlyCount "105"]
[EventDate "2013.06.01"]
[EventType "swiss"]
[EventRounds "9"]
[EventCountry "BIH"]
[SourceTitle "CBM 154 Extra"]
[Source "ChessBase"]
[SourceDate "2013.06.25"]
[SourceVersion "2"]
[SourceVersionDate "2013.06.25"]
[SourceQuality "1"]

1. e4 e5 2. Nc3 Nc6 3. Nf3 Nf6 4. d4 d6 5. dxe5 Nxe5 6. Nxe5 dxe5 7. Qxd8+ Kxd8 8. Bg5 c6 9. 0-0-0+ Kc7 10. Bc4 Be6 11. Bxe6 fxe6 12. f3 h6 13. Be3 Bb4 14. Ne2 g5 15. c4 b6 16. a3 Bc5 17. Bxc5 bxc5 18. Nc3 Rad8 19. b3 Rd4 20. Na4 Nd7 21. Nc3 Nb6 22. Ne2 Rd7 23. Rxd7+ Nxd7 24. h4 Rg8 25. hxg5 Rxg5 26. g3 Rg6 27. Kd2 Rf6 28. Ke3 a5 29. f4 exf4+ 30. gxf4 e5 31. f5 Rd6 32. Rg1 h5 33. Rg6 Rxg6 34. fxg6 Nf6 35. Ng3 Kd7 36. Nf5 Ke6 37. Kf3 Ng8 38. Kg3 Nf6 39. Ng7+ Ke7 40. Kf3 Kd7 41. Nf5 Ke6 42. Nh6 Ne8 43. Nf7 Kf6 44. Kg3 Ng7 45. Kh4 Ne6 46. Kxh5 Nf4+ 47. Kg4 Nxg6 48. Nd8 Ne7 49. a4 Kg6 50. Nb7 Kf6 51. Nxa5 Nc8 52. Nxc6 Nd6 53. Kf3 1-0

[Event "Malta op"]
[Site "Bugibba"]
[Date "2012.11.19"]
[Round "2"]
[White "Poetsch, Hagen"]
[Black "Klem, Davor"]
[Result "1-0"]
[WhiteElo "2466"]
[BlackElo "2106"]
[PlyCount "53"]
[EventDate "2012.11.18"]
[EventType "swiss"]
[EventRounds "9"]
[EventCountry "MLT"]
[SourceTitle "CBM 151 Extra"]
[Source "ChessBase"]
[SourceDate "2012.12.18"]
[SourceVersion "1"]
[SourceVersionDate "2012.12.18"]
[SourceQuality "1"]

1. e4 Nc6 2. Nf3 e5 3. Bc4 Nf6 4. Ng5 d5 5. exd5 Na5 6. Bb5+ c6 7. dxc6 bxc6 8. Bd3 Qc7 9. Nc3 h6 10. Nge4 Nd5 11. Ng3 g6 12. 0-0 Bg7 13. Nxd5 cxd5 14. Bb5+ Nc6 15. d4 e4 16. Nxe4 dxe4 17. d5 Bd7 18. dxc6 Bxc6 19. Qd5 Bxb5 20. Qxa8+ Ke7 21. Qxe4+ Qe5 22. Qb4+ Kd8 23. Bf4 Qf5 24. Qa5+ Ke7 25. Rfe1+ Kf6 26. Qc3+ Qe5 27. Qxe5# 1-0

[Event "CRO-chT2 Center"]
[Site "Croatia"]
[Date "2011.03.27"]
[Round "4.32"]
[White "Lisenko, Alexander V"]
[Black "Klem, Davor"]
[Result "1-0"]
[WhiteElo "2341"]
[BlackElo "2135"]
[PlyCount "123"]
[EventDate "2011.03.20"]
[EventType "team-tourn"]
[EventRounds "11"]
[EventCountry "CRO"]
[SourceTitle "EXT 2014"]
[Source "ChessBase"]
[SourceDate "2013.11.20"]
[SourceVersion "1"]
[SourceVersionDate "2013.11.20"]
[SourceQuality "1"]

1. c4 e5 2. Nf3 Nc6 3. d4 d6 4. g3 Nf6 5. Bg2 Be7 6. 0-0 0-0 7. h3 Re8 8. Nc3 h6 9. e4 Bf8 10. Be3 g6 11. Qd2 Kh7 12. d5 Nb8 13. b4 a5 14. a3 axb4 15. axb4 Rxa1 16. Rxa1 Na6 17. Rb1 Bd7 18. Ne1 Qc8 19. Kh2 Nh5 20. Nd3 f5 21. c5 Bg7 22. c6 bxc6 23. dxc6 Be6 24. b5 f4 25. gxf4 exf4 26. Nxf4 Be5 27. Kg1 Nxf4 28. Bxf4 Bxf4 29. Qxf4 Nc5 30. Nd5 Rf8 31. Qg3 Bxd5 32. exd5 Qf5 33. Re1 Rf7 34. Rf1 Nd3 35. Qg4 Qe5 36. Qe4 Qc3 37. f4 Nc5 38. Qe2 Qg3 39. Qf3 Qh4 40. Kh2 Qf6 41. Re1 Re7 42. Rxe7+ Qxe7 43. f5 Qe5+ 44. Qg3 Qxg3+ 45. Kxg3 Na4 46. Kg4 Kg7 47. Be4 gxf5+ 48. Kxf5 Kf7 49. Bf3 Nb6 50. h4 Na4 51. Bh5+ Ke7 52. Kg6 Nc3 53. Kxh6 Nxd5 54. Kg7 Nc3 55. b6 cxb6 56. Bg4 Nd5 57. h5 Nc7 58. h6 Ne8+ 59. Kg6 Nf6 60. c7 Nxg4 61. c8Q Ne5+ 62. Kg7 1-0

[Event "Velika Gorica op 9th"]
[Site "Velika Gorica"]
[Date "2010.08.26"]
[Round "4"]
[White "Klem, Davor"]
[Black "Makaj, Marko"]
[Result "1/2-1/2"]
[WhiteElo "2082"]
[BlackElo "2338"]
[PlyCount "131"]
[EventDate "2010.08.23"]
[EventType "swiss"]
[EventRounds "9"]
[EventCountry "CRO"]
[SourceTitle "CBM 138 Extra"]
[Source "ChessBase"]
[SourceDate "2010.10.29"]
[SourceVersion "1"]
[SourceVersionDate "2010.10.29"]
[SourceQuality "1"]

1. e4 c5 2. d4 cxd4 3. c3 d3 4. Bxd3 Nc6 5. Nf3 d6 6. 0-0 g6 7. a4 Bg7 8. Na3 Nf6 9. h3 0-0 10. Qe2 Nd7 11. Nc4 Nc5 12. Bc2 b6 13. Be3 Ba6 14. Nd4 Bxd4 15. cxd4 Na5 16. dxc5 Bxc4 17. Bd3 Bxd3 18. Qxd3 dxc5 19. Qc3 f6 20. Bh6 Rf7 21. Rad1 Qc8 22. f4 Qe6 23. e5 Nc6 24. Rde1 f5 25. Rd1 Nd4 26. Rd2 Rd8 27. Rfd1 Qd5 28. Kh2 a5 29. Qd3 Ra8 30. Qc3 Qe4 31. Rxd4 cxd4 32. Rxd4 Qb7 33. e6 Rf6 34. Rd7 Qc8 35. Rxe7 Qxc3 36. bxc3 Rc8 37. Rg7+ Kh8 38. Re7 Kg8 39. Rg7+ Kh8 40. Re7 Kg8 41. g4 fxg4 42. hxg4 g5 43. Bxg5 Rg6 44. Kg3 h6 45. Bxh6 Rxh6 46. g5 Rh7 47. Rxh7 Kxh7 48. Kg4 Kg7 49. f5 Rxc3 50. f6+ Kg6 51. e7 Re3 52. Kf4 Re1 53. Kg4 Kf7 54. Kf5 Rf1+ 55. Ke5 Re1+ 56. Kf5 Rf1+ 57. Ke5 b5 58. g6+ Ke8 59. Ke6 Re1+ 60. Kd6 Rd1+ 61. Ke6 Re1+ 62. Kd6 Rd1+ 63. Ke6 Re1+ 64. Kd6 Rd1+ 65. Ke6 Re1+ 66. Kd6 1/2-1/2

[Event "Porec op"]
[Site "Porec"]
[Date "2009.12.05"]
[Round "5"]
[White "Kalajzic, Ivan"]
[Black "Klem, Davor"]
[Result "0-1"]
[WhiteElo "2269"]
[BlackElo "2039"]
[PlyCount "80"]
[EventDate "2009.12.03"]
[EventType "swiss"]
[EventRounds "7"]
[EventCountry "CRO"]
[SourceTitle "CBM 133 Extra"]
[Source "ChessBase"]
[SourceDate "2010.01.05"]
[SourceVersion "1"]
[SourceVersionDate "2010.01.05"]
[SourceQuality "1"]

1. d4 c5 2. dxc5 Nc6 3. Nf3 e6 4. Nbd2 Bxc5 5. Ne4 Be7 6. Nd6+ Bxd6 7. Qxd6 Qe7 8. Bf4 Nf6 9. e3 Ne4 10. Qxe7+ Kxe7 11. Bd3 Nc5 12. Be2 d5 13. 0-0 f6 14. c4 dxc4 15. Bxc4 e5 16. Bg3 Be6 17. Rac1 Bxc4 18. Rxc4 Nd3 19. b3 Rac8 20. Nh4 g6 21. f4 b5 22. Rc3 e4 23. f5 g5 24. Nf3 b4 25. Rxc6 Rxc6 26. Nd2 Rc1 27. Nxe4 Rhc8 28. h4 h6 29. hxg5 hxg5 30. a3 a5 31. axb4 axb4 32. Bd6+ Kf7 33. Bg3 Rxf1+ 34. Kxf1 Rc2 35. Nd6+ Ke7 36. Nc4 Kd7 37. Nd6 Nc5 38. e4 Rc3 39. Bh2 Nd3 40. Nc4 Rxc4 0-1